Statystyki dla Kraje

Kliknij tutaj aby rozwiązać quiz!

Ogólne statystyki

  • Ten quiz został rozwiązany 39 razy
  • Średni wynik to 18 z 28

Statystyki odpowiedzi

HintOdpowiedź% Poprawnych
Jego stolicą jest luksemburgLuksemburg
87%
Jego stolicą jest wilnoLitwa
83%
Z tamtąd mówi się że pochodzą kebabyTurcja
83%
Jego stolicą jest andoraAndora
77%
Jego stolicą jest OttawaKanada
77%
Jest najmniejszym krajem świataWatykan
77%
Wygrali mistrzostwa świata 2022 w piłce nożnejArgentyna
73%
Jego stolicą jest rygaŁotwa
73%
Leży w Europie jak i w azjiTurcja rosja
73%
W tym kraju były mistrzostwa świata 2022Katar
70%
Jego nazwą jest taka sama jak sławnej bajki pingwiny z madagaskaruMadagaskar
70%
Jest tam nbaUsa
70%
W tym kraju znajduje się miasto HonoluluHawaje
67%
Graniczy tylko z francjąMonako
67%
Jego stolicą jest vaduzLichtenstein
63%
Jego stolicą jest SydneyAustralia
60%
Jego stolicą jest kinszasaDemokratyczna republika konga
60%
Ma takie same kolory jak polskaIndonezja
60%
Ten kraj graniczy tylko z Rosją i ChinamiMongolia
60%
W tym kraju gra ronaldoArabia saudyjska
57%
Z tego kraju nie można wyjechaćKorea północna
57%
Jego stolicą jest KatmanduNepal
57%
Ma biało czerwone barwy w fladzePolska
57%
Graniczy tylko z WłochamiSan marino
53%
Ma najwięcej wysp na świecieSzwecja
53%
Jego stolicą jest kampalaUganda
47%
Jego stolicą jest kigaliRwanda
43%
Jego stolicą jest thimphuBhutan
40%

Rozkład punktacji

Percentyl według liczby udzielonych odpowiedzi

Procent ludzi z każdym wynikiem

Twoja historia wyników

Nie rozwiązałeś tego quizu